Teoría y filosofía política : la tradición clásica y las nuevas fronteras /

Guardado en:
Autor Principal: Boron, Atilio A.
Formato: Libro
Publicado: Buenos Aires : Clacso
Edición:2a. ed.
Materias:
Etiquetas: Agregar Etiqueta
Sin Etiquetas, Sea el primero en etiquetar este registro!
LEADER 02278nam a22002415a 4500
001 CEM.cems011148
005 20071119152101.0
008 130507b######################000#0#####d
003 CEMS
020 |a 950923141X 
082 0 4 |a 320 
100 1 |a Boron, Atilio A. 
245 1 0 |a Teoría y filosofía política :  |b la tradición clásica y las nuevas fronteras /  |c Compilado Por Atilio A. Boron 
250 |a 2a. ed. 
260 |a Buenos Aires :  |b Clacso 
300 |a 311 p. 
505 0 |a El marxismo y la filosofía política / Atilio A. Boron -- Primera parte: Actualidad y renovaciones de los temas clásicos de la filosofía política -- El republicanismo y la filosofía política contemporánea / Roberto Gargarella -- El estado y su condición de posibilidad en el pensamiento agustiniano / Miguel A. Rossi -- El uso de la causalidad en la reflexión política de fines del siglo XVIII y principios del XIV -- Segunda parte: La teoría y la filosofía política en el siglo XX -- La cosa política: el retorno de lo trágico en las filosofías "malditas" del siglo XX. Apuntes provisorios para un nuevo fundamentalismo / Eduardo Gruner -- Praxis y crítica: sobre el origen de ambos conceptos en la tesis doctoral de Marx / Juan D. Videla -- La política como trabajo / Javier Amadeo y Sergio Morresi -- La vigencia del Manifiesto Comunista: su importancia para pensar el estado y la democracia / Mabel Thwaites Rey y José Castillo -- Para leer el marxismo analítico: controversias metodológicas e implicancias teóricas / María Alicia Gutiérrez -- Marxismo analítico y justicia: ¿más allá de Rawls? / María Clelia Guiñazú -- Tercera parte: Las nuevas fronteras de la reflexión filosófico-políticas / Alejandra Ciriza -- Subjetividad: capital y la materialidad abstracta del poder (Foucault y el Marxismo abierto) / Ana Dinerstein -- Identidad: diversidad y desigualdad en las luchas políticas del presente / Mabel Bellucci y Flavio Rapisardi -- Sobre villeros e indocumentados: hacia una teoría sociológica de la exclusión social / Diego Casaravilla 
653 |a Política 
653 |a Ciencias políticas 
653 |a Filosofía política 
653 |a Marxismo 
653 |a Comunismo 
859 |a CEMS  |b BIB. CEMS - 11 de abril  |h 320  |i B645-1a2  |p 21997.03  |t Ej.1